Política d'adquisicions = Política de adquisiciones / Política de adquisiciones /
Descripción Física:
23, 23 pàgines ; 30 cm
Colección:
Manuals (Museu Marítim (Barcelona, Catalunya))
; 2
Idioma:
Multiple languages , Catalán , Español
MARC
| LEADER | 00000nam a2200000Ia 4500 | ||
|---|---|---|---|
| 001 | 15811 | ||
| 003 | Arxiu | ||
| 005 | 20260324181048.0 | ||
| 008 | 160829s2003 spc xx mul c 000 0 cat d | ||
| 040 | |a AGDB | ||
| 041 | |a cat |a spa | ||
| 080 | |a FU-38-13 | ||
| 110 | |9 10020 |a Museu Marítim (Barcelona, Catalunya) | ||
| 245 | 1 | 0 | |a Política d'adquisicions = |b Política de adquisiciones / |c [redacció: Enric García Domingo, Olga López Miguel] |
| 260 | |a [Barcelona : |b Museu Marítim de Barcelona], |c 2003 | ||
| 300 | |a 23, 23 pàgines ; |c 30 cm | ||
| 490 | 1 | |a Manuals. Museu Marítim ; |v 2 | |
| 590 | |a Text paral·lel capiculat en català i castellà | ||
| 610 | 0 | |a Museu Marítim (Barcelona) |x Planificació |9 6865 | |
| 650 | |a Museus |x Adquisicions |x Barcelona |9 39076 | ||
| 700 | |a García i Domingo, Enric |9 24608 |e autor | ||
| 700 | |a López Miguel, Olga |9 50072 |e autora | ||
| 830 | 0 | |9 56146 |a Manuals (Museu Marítim (Barcelona, Catalunya)) |v 2 | |
| 901 | |a Arxiu | ||
| 942 | |n 1 |2 udc |c ARXIU | ||
| 952 | |0 0 |1 0 |4 0 |6 FU3813 |7 1 |9 65947 |a Arxiu |b Arxiu |d 2023-04-04 |l 0 |o FU-38-13 |p 15811 |r 2023-04-04 00:00:00 |w 2023-04-04 |y ARXIU | ||
| 999 | |c 52617 |d 52617 | ||